Fruit in French Quiz Stats

 Plays Quiz Updated Mar 24, 2020

Support Sporcle.
Go Orange.
Score 0/16 Timer 03:00
5 Plays Today
% Correct
orange
95.7%
banana
95.7%
coconut
94%
peach
93.7%
pear
89.8%
grape
89.3%
cherry
89.2%
lemon
88.6%
% Correct
apple
87.6%
plum
86.5%
melon
86.1%
strawberry
82.3%
pineapple
75%
raspberry
70%
grapefruit
66.6%
watermelon
57.4%

From the Vault

Most WWE Belts

by Fastthumbs227

Sports 3m
Most men will never have enough muscle or speedos to top this list.
Remove Ads.
Support Sporcle.
Get the best of Sporcle when you Go Orange. This ad-free experience offers more features, more stats, and more fun while also helping to support Sporcle. Thank you for becoming a member.

Show Comments

Extras

Top Quizzes Today


Score Distribution

Your Account Isn't Verified!

In order to create a playlist on Sporcle, you need to verify the email address you used during registration. Go to your Sporcle Settings to finish the process.

Report this User

Report this user for behavior that violates our Community Guidelines.

Details: